Score 0/47 Timer 10:00
0 Plays Today
% Correct
Iceland
97.8%
Ireland
94.6%
United Kingdom
93.5%
Portugal
92.4%
Spain
92.4%
France
91.3%
Andorra
90.2%
Belgium
90.2%
Netherlands
89.1%
Germany
89.1%
Poland
89.1%
Czech Republic
87%
Switzerland
87%
Italy
87%
Luxembourg
85.9%
Hungary
85.9%
Turkey
85.9%
Cyprus
85.9%
Lithuania
85.9%
Latvia
85.9%
Estonia
85.9%
Russia
85.9%
Finland
85.9%
Sweden
85.9%
% Correct
Norway
85.9%
Denmark
85.9%
Slovakia
84.8%
Austria
84.8%
Vatican City
84.8%
Malta
84.8%
Greece
84.8%
Romania
84.8%
Ukraine
84.8%
Belarus
84.8%
Monaco
83.7%
Croatia
83.7%
Liechtenstein
82.6%
San Marino
82.6%
Slovenia
81.5%
Kosovo
81.5%
Bulgaria
81.5%
Moldova
81.5%
Albania
79.3%
Serbia
79.3%
Bosnia and Herzegovina
78.3%
Montenegro
78.3%
Republic of Macedonia
78.3%
Remove Ads.
Support Sporcle.
Get the best of Sporcle when you Go Orange. This ad-free experience offers more features, more stats, and more fun while also helping to support Sporcle. Thank you for becoming a member.

You're not logged in!

Compare scores with friends on all Sporcle quizzes.
OR
Log In

Show Comments

Extras

Top Quizzes Today


Score Distribution

Your Account Isn't Verified!

In order to create a playlist on Sporcle, you need to verify the email address you used during registration. Go to your Sporcle Settings to finish the process.

Report this User

Report this user for behavior that violates our Community Guidelines.

Details: